| 000 | 00342nam a22001217a 4500 | ||
|---|---|---|---|
| 005 | 20250925112233.0 | ||
| 008 | 250925b |||||||| |||| 00| 0 eng d | ||
| 050 |
_aS494 _b.5.158 TOW |
||
| 245 | _aTOWARDS ENHANCING INNOVATION SYSTEMS PERFORMANCE IN SMALLHOLDER AFRICAN AGRICULTURE | ||
| 260 | _c2009 | ||
| 300 | _avii, 168p | ||
| 942 |
_2lcc _cBK _n0 |
||
| 999 |
_c7708 _d7708 |
||